Every 100,000+ city in USA: Louisiana - Statistics

General Stats
  • This quiz has been taken 50 times
  • The average score is 6 of 8
Answer Stats
Letter Population City % Correct
B-R 511,219 Baton Rouge
100%
N-O 1,018,302 New Orleans
100%
S 274,083 Shreveport
95%
L 230,856 Lafayette
92%
L-C 144,347 Lake Charles
79%
M 110,470 Monroe
63%
M 141,095 Metairie
53%
H 101,006 Houma
47%
No matching quizzes found
Score Distribution
Percent of People with Each Score
Percentile by Number Answered
Your Score History
You have not taken this quiz